000
00280nam a22001217a 4500
008
171024b xxu||||| |||| 00| 0 eng d
041
_a
eng
080
_a
311
100
_a
55
101
_a
STA
245
_a
STATISTICAL METHODS FOR RESEARCH WORKERS
_c
FISHER,R.A
942
_2
udc
_c
BK
999
_c
35641
_d
35641